[Event "37. Copenhagen Open (Politiken Cup)"]
[Site "Elsinore"]
[Date "2015.07.29"]
[Round "6"]
[White "Maechel, Michael"]
[Black "Edwardsson, Hannu Kalervo"]
[Result "1-0"]
[WhiteElo "1738"]
[BlackElo "1452"]
[PlyCount "61"]
[EventDate "2015.07.25"]
[EventType "swiss"]
[EventRounds "10"]
[EventCountry "DEN"]
[Source "ChessBase"]
[SourceDate "2015.09.14"]

1. e4 e5 2. Nf3 d6 3. d4 exd4 4. Nxd4 Nf6 5. Nc3 Be7 6. Bc4 O-O 7. h3 c5 8. Nf3
Nc6 9. O-O a6 10. Qe2 Be6 11. Bxe6 fxe6 12. Rd1 Qe8 13. Qc4 Nd8 14. a4 h6 15.
Bf4 Kh8 16. Bxd6 Bxd6 17. Rxd6 e5 18. Rad1 Nf7 19. Re6 Qc8 20. Nxe5 Nxe5 21.
Rxe5 b6 22. Nd5 Rd8 23. Re1 b5 24. axb5 axb5 25. Qxb5 Rb8 26. Qa5 Rxb2 27. Nxf6
gxf6 28. Rxc5 Qb8 29. Qc3 Kg7 30. Rc7+ Kg6 31. Qg3+ 1-0

[Event "37. Copenhagen Open (Politiken Cup)"]
[Site "Elsinore"]
[Date "2015.07.29"]
[Round "6"]
[White "Marthedal, Anton Mehmet Yildiz"]
[Black "Bering, Anders"]
[Result "0-1"]
[WhiteElo "1811"]
[BlackElo "1996"]
[PlyCount "53"]
[EventDate "2015.07.25"]
[EventType "swiss"]
[EventRounds "10"]
[EventCountry "DEN"]
[Source "ChessBase"]
[SourceDate "2015.09.14"]

1. d4 Nf6 2. Nf3 e6 3. Bf4 c5 4. e3 d5 5. c3 Nc6 6. Bd3 Bd6 7. Bg3 Qe7 8. Nbd2
c4 9. Bb1 b5 10. Ne5 Bxe5 11. dxe5 Nd7 12. f4 b4 13. O-O bxc3 14. bxc3 Qa3 15.
Nxc4 dxc4 16. Be4 Qc5 17. Qf3 Bb7 18. Rad1 O-O-O 19. Bh4 f6 20. Rd6 Kc7 21. Rb1
Nb6 22. Rxe6 Rhe8 23. f5 Rxe6 24. fxe6 Nxe5 25. Qg3 g5 26. Bxh7 Rd2 27. Bxg5
0-1

[Event "37. Copenhagen Open (Politiken Cup)"]
[Site "Elsinore"]
[Date "2015.07.29"]
[Round "6"]
[White "Martinsson, Jonas"]
[Black "Thor, Gudmundur Sverrir"]
[Result "1/2-1/2"]
[WhiteElo "1845"]
[BlackElo "2032"]
[PlyCount "53"]
[EventDate "2015.07.25"]
[EventType "swiss"]
[EventRounds "10"]
[EventCountry "DEN"]
[Source "ChessBase"]
[SourceDate "2015.09.14"]

1. e4 e5 2. f4 exf4 3. Nf3 d6 4. d4 Bg4 5. Bxf4 Nc6 6. Bb5 Nf6 7. d5 a6 8. dxc6
axb5 9. cxb7 Rb8 10. O-O Be7 11. e5 dxe5 12. Qxd8+ Bxd8 13. Nxe5 O-O 14. Bg5
Be6 15. Nc6 Rxb7 16. Nxd8 Rxd8 17. Bxf6 gxf6 18. Rxf6 Ra7 19. Nc3 b4 20. Ne4
Rd4 21. Nc5 Rxa2 22. Rxa2 Bxa2 23. c3 bxc3 24. bxc3 Rc4 25. Rc6 Rxc3 26. Rxc7
Rc4 27. Kf2 1/2-1/2

[Event "37. Copenhagen Open (Politiken Cup)"]
[Site "Elsinore"]
[Date "2015.07.29"]
[Round "6"]
[White "Matras, Ove"]
[Black "Olsen, Aage Dalstrup"]
[Result "1-0"]
[WhiteElo "1940"]
[BlackElo "1735"]
[PlyCount "91"]
[EventDate "2015.07.25"]
[EventType "swiss"]
[EventRounds "10"]
[EventCountry "DEN"]
[Source "ChessBase"]
[SourceDate "2015.09.14"]

1. e4 e5 2. f4 Bc5 3. Nf3 d6 4. Bc4 Qe7 5. Nc3 c6 6. d3 Bg4 7. h3 Bxf3 8. Qxf3
Nd7 9. a3 a6 10. Be3 Bxe3 11. Qxe3 O-O-O 12. O-O-O Ngf6 13. g4 exf4 14. Qxf4
Ne5 15. Bb3 Rhf8 16. Rhe1 Ng6 17. Qf2 Kb8 18. Re2 Nd7 19. Kb1 Qh4 20. Qxh4 Nxh4
21. Rf2 f6 22. Rdf1 h6 23. Ne2 Ng6 24. Ng3 Nc5 25. Ba2 Rd7 26. Nf5 Rfd8 27. b4
Na4 28. Bb3 Nb6 29. Be6 Rc7 30. h4 d5 31. Re2 Nf8 32. exd5 Nxd5 33. Bxd5 Rxd5
34. Re8+ Rc8 35. Rxc8+ Kxc8 36. Ne7+ Kd7 37. Nxd5 cxd5 38. g5 hxg5 39. hxg5 Nh7
40. gxf6 Nxf6 41. Rg1 Ne8 42. Rg6 Ke7 43. Kb2 Kf7 44. Rg1 Nf6 45. Kc3 g6 46.
Kd4 1-0

[Event "37. Copenhagen Open (Politiken Cup)"]
[Site "Elsinore"]
[Date "2015.07.29"]
[Round "6"]
[White "Merkesvik, Sondre"]
[Black "Nielsen, Morten"]
[Result "1-0"]
[WhiteElo "2130"]
[BlackElo "1942"]
[PlyCount "59"]
[EventDate "2015.07.25"]
[EventType "swiss"]
[EventRounds "10"]
[EventCountry "DEN"]
[Source "ChessBase"]
[SourceDate "2015.09.14"]

1. Nf3 Nf6 2. d4 c5 3. d5 b5 4. Bg5 Qa5+ 5. c3 d6 6. Nbd2 Nbd7 7. e4 a6 8. a4
bxa4 9. Rxa4 Qc7 10. Qa1 Qb7 11. Bd3 h6 12. Bxf6 exf6 13. O-O Be7 14. Nc4 Qc7
15. Ne3 Nb6 16. Ra5 O-O 17. Bxa6 Qa7 18. b4 cxb4 19. cxb4 Bxa6 20. b5 Qc7 21.
bxa6 Rfc8 22. Nd4 Nc4 23. Nxc4 Qxc4 24. Nc6 Bd8 25. Ra4 Qe2 26. Re1 Qd3 27. g3
Bb6 28. Ne7+ Kh7 29. Nxc8 Rxc8 30. Ra2 1-0

[Event "37. Copenhagen Open (Politiken Cup)"]
[Site "Elsinore"]
[Date "2015.07.29"]
[Round "6"]
[White "Micalizio, Tiziano Wul"]
[Black "Hedin, Niclas"]
[Result "0-1"]
[WhiteElo "1644"]
[BlackElo "1922"]
[PlyCount "76"]
[EventDate "2015.07.25"]
[EventType "swiss"]
[EventRounds "10"]
[EventCountry "DEN"]
[Source "ChessBase"]
[SourceDate "2015.09.14"]

1. d4 Nf6 2. Nf3 e6 3. g3 d5 4. Bg2 b5 5. O-O Bb7 6. a4 b4 7. Bf4 Nbd7 8. c3 c5
9. dxc5 Bxc5 10. cxb4 Bxb4 11. Qb3 a5 12. Nc3 Nc5 13. Qc2 Rc8 14. Nb5 Na6 15.
Qd1 O-O 16. Rc1 Qe7 17. Rxc8 Rxc8 18. Qb1 Ne4 19. Rd1 Bc5 20. Nbd4 f6 21. Be3
Nb4 22. Bd2 e5 23. Bxb4 axb4 24. Nf5 Bxf2+ 25. Kf1 Qc5 26. Nd2 Bg1 27. Nxe4
dxe4 28. e3 Bxe3 29. Bxe4 Ba6+ 30. Kg2 g6 31. Nxe3 Qxe3 32. Bxg6 Bb7+ 33. Kf1
Qf3+ 34. Ke1 Qe3+ 35. Kf1 Qf3+ 36. Ke1 Qh1+ 37. Kd2 Qxh2+ 38. Ke1 Qxg3+ 0-1

[Event "37. Copenhagen Open (Politiken Cup)"]
[Site "Elsinore"]
[Date "2015.07.29"]
[Round "6"]
[White "Molvig, Henrik"]
[Black "Olesen, Poul Erik Norgaard"]
[Result "1/2-1/2"]
[WhiteElo "2157"]
[BlackElo "1970"]
[PlyCount "31"]
[EventDate "2015.07.25"]
[EventType "swiss"]
[EventRounds "10"]
[EventCountry "DEN"]
[Source "ChessBase"]
[SourceDate "2015.09.14"]

1. d4 Nf6 2. c4 g6 3. Nc3 Bg7 4. e4 d6 5. Nf3 O-O 6. Be2 c5 7. d5 e6 8. O-O
exd5 9. exd5 a6 10. a4 Re8 11. Nd2 Nbd7 12. f4 Rb8 13. Kh1 Qc7 14. a5 b5 15.
axb6 Nxb6 16. Ra3 1/2-1/2

[Event "37. Copenhagen Open (Politiken Cup)"]
[Site "Elsinore"]
[Date "2015.07.29"]
[Round "6"]
[White "Molvig, Julius"]
[Black "Norlander, Svante"]
[Result "1-0"]
[WhiteElo "1926"]
[BlackElo "1705"]
[PlyCount "95"]
[EventDate "2015.07.25"]
[EventType "swiss"]
[EventRounds "10"]
[EventCountry "DEN"]
[Source "ChessBase"]
[SourceDate "2015.09.14"]

1. d4 d5 2. c4 dxc4 3. Nf3 Nf6 4. Nc3 a6 5. a4 e6 6. e3 Be7 7. Bxc4 O-O 8. O-O
c6 9. e4 h6 10. Qe2 a5 11. Rd1 Qc7 12. h3 Nbd7 13. Be3 Re8 14. Rac1 Nf8 15. Ba2
Qb8 16. d5 exd5 17. exd5 Bf5 18. Nd4 Bd7 19. dxc6 bxc6 20. Rc2 Bd6 21. Qf3 c5
22. Ndb5 Be5 23. Bxc5 Ra6 24. Rcd2 Bc6 25. Qd3 Qb7 26. Bxf8 Rxf8 27. Qf1 Nh5
28. Nd5 Nf4 29. Nxf4 Bxf4 30. Rd8 Ra8 31. Rxa8 Qxa8 32. Bc4 Be5 33. b3 Kh8 34.
Nd6 Kg8 35. Nf5 Bf6 36. Rd6 Be4 37. Nxh6+ gxh6 38. Rxf6 Kg7 39. Qa1 Kh7 40. Qc1
Bg6 41. Qf4 Qe8 42. Kh2 Kg7 43. Qd4 Kh7 44. f4 Be4 45. Bd3 Bxd3 46. Qxd3+ Kg7
47. Qd4 Kh7 48. Qd6 1-0

[Event "37. Copenhagen Open (Politiken Cup)"]
[Site "Elsinore"]
[Date "2015.07.29"]
[Round "6"]
[White "Morkedal, Oyvind"]
[Black "Christophersen, David"]
[Result "1-0"]
[WhiteElo "1689"]
[BlackElo "1854"]
[PlyCount "87"]
[EventDate "2015.07.25"]
[EventType "swiss"]
[EventRounds "10"]
[EventCountry "DEN"]
[Source "ChessBase"]
[SourceDate "2015.09.14"]

1. d4 Nf6 2. Bg5 d6 3. Bxf6 gxf6 4. e3 Nc6 5. Nf3 Bg7 6. c4 Bg4 7. Nc3 a6 8.
Be2 Qd7 9. a3 O-O-O 10. b4 e5 11. b5 Nb8 12. Nd5 Be6 13. a4 f5 14. dxe5 dxe5
15. Rc1 Bxd5 16. cxd5 Qxd5 17. Qc2 Qd7 18. O-O Rhg8 19. Rfd1 Qe7 20. Qxf5+ Rd7
21. Rxd7 Qxd7 22. Qxh7 Qe8 23. Qc2 Qe7 24. bxa6 Nxa6 25. Bxa6 bxa6 26. Qc6 Rd8
27. Qxa6+ Kd7 28. Qc6+ Kc8 29. Qa6+ Kd7 30. Qb5+ Ke6 31. Qc4+ Kf6 32. Qh4+ Ke6
33. Qxe7+ Kxe7 34. Rxc7+ Rd7 35. Rxd7+ Kxd7 36. Nd2 Kc6 37. a5 Bf8 38. h4 f6
39. g4 Kb5 40. Nb3 Bd6 41. h5 Bf8 42. Kg2 Bh6 43. Kf3 Bg5 44. Ke4 1-0

[Event "37. Copenhagen Open (Politiken Cup)"]
[Site "Elsinore"]
[Date "2015.07.29"]
[Round "6"]
[White "Mouritsen, Jan"]
[Black "Sorensen, Bernhard W"]
[Result "1/2-1/2"]
[WhiteElo "1799"]
[BlackElo "1704"]
[PlyCount "61"]
[EventDate "2015.07.25"]
[EventType "swiss"]
[EventRounds "10"]
[EventCountry "DEN"]
[Source "ChessBase"]
[SourceDate "2015.09.14"]

1. d4 e6 2. Nf3 f5 3. c4 Nf6 4. Nc3 d5 5. Bf4 Be7 6. e3 O-O 7. Be2 c6 8. Qc2
Ne4 9. O-O Nd7 10. h3 Ndf6 11. Ne5 Bd6 12. f3 Nxc3 13. bxc3 Nh5 14. Bh2 Bxe5
15. Bxe5 Qg5 16. f4 Qh4 17. Bxh5 Qxh5 18. cxd5 exd5 19. Qd1 Qxd1 20. Rfxd1 b6
21. Rac1 Ba6 22. Rc2 Bc4 23. g4 Rae8 24. Kh2 Rf7 25. Kg3 Ba6 26. g5 Re6 27. h4
Rb7 28. Rb2 Bc4 29. Kf3 Rbe7 30. Rh2 Re8 31. Rb2 1/2-1/2

[Event "37. Copenhagen Open (Politiken Cup)"]
[Site "Elsinore"]
[Date "2015.07.29"]
[Round "6"]
[White "Mozelius, Peter"]
[Black "Andersen, Torben Bodskov"]
[Result "0-1"]
[WhiteElo "1825"]
[BlackElo "2106"]
[PlyCount "94"]
[EventDate "2015.07.25"]
[EventType "swiss"]
[EventRounds "10"]
[EventCountry "DEN"]
[Source "ChessBase"]
[SourceDate "2015.09.14"]

1. d4 d5 2. Nf3 Nf6 3. Bf4 e6 4. Nbd2 Be7 5. e3 O-O 6. Bd3 b6 7. h3 Bb7 8. Ne5
Nbd7 9. Qf3 Nxe5 10. Bxe5 Nd7 11. Bf4 c5 12. O-O f5 13. Qe2 c4 14. Nxc4 dxc4
15. Bxc4 Bd5 16. Bb5 Nf6 17. c4 Bb7 18. Rfd1 Bd6 19. Be5 Qc7 20. f4 Bc6 21.
Rac1 Bxb5 22. cxb5 Qe7 23. Rc6 Bxe5 24. dxe5 Nd5 25. Rdc1 Rad8 26. a3 Rd7 27.
g3 Rfd8 28. e4 fxe4 29. Qxe4 Qf7 30. Rf1 Ne7 31. Rd6 Nf5 32. Rxd7 Qxd7 33. Qc6
Qxc6 34. bxc6 Ne7 35. Rc1 Rc8 36. c7 Nd5 37. f5 Rxc7 38. Rd1 Kf7 39. g4 Rc2 40.
b4 Rc3 41. h4 Rg3+ 42. Kh2 Rxg4 43. Kh3 Re4 44. fxe6+ Kxe6 45. Rc1 Kxe5 46. Rc8
Re3+ 47. Kg4 Nf6+ 0-1

[Event "37. Copenhagen Open (Politiken Cup)"]
[Site "Elsinore"]
[Date "2015.07.29"]
[Round "6"]
[White "Naesborg, Jens Ole"]
[Black "Agovic, Sejfo"]
[Result "0-1"]
[WhiteElo "1900"]
[BlackElo "1699"]
[PlyCount "64"]
[EventDate "2015.07.25"]
[EventType "swiss"]
[EventRounds "10"]
[EventCountry "DEN"]
[Source "ChessBase"]
[SourceDate "2015.09.14"]

1. e4 c5 2. Nf3 Nc6 3. d4 cxd4 4. Bc4 Ne5 5. Bxf7+ Nxf7 6. Qxd4 d6 7. Nc3 Nf6
8. O-O e5 9. Qc4 Bg4 10. Ng5 Nxg5 11. Bxg5 Rc8 12. Qb3 Qd7 13. Bxf6 gxf6 14.
Nd5 Bg7 15. f4 Be6 16. fxe5 dxe5 17. Rad1 Bxd5 18. Rxd5 Qc6 19. Qh3 O-O 20.
Rfd1 Qxc2 21. Qf5 Qxb2 22. R5d3 Rc1 23. h3 Rxd1+ 24. Rxd1 Qxa2 25. Rd7 Qe2 26.
Qe6+ Kh8 27. Qe7 Qe3+ 28. Kh1 Rg8 29. Rxb7 a5 30. Ra7 Qxe4 31. Qc5 Bf8 32. Qg1
Bc5 0-1

[Event "37. Copenhagen Open (Politiken Cup)"]
[Site "Elsinore"]
[Date "2015.07.29"]
[Round "6"]
[White "Nahnsen, Kenneth"]
[Black "Maselli, Daniel"]
[Result "1/2-1/2"]
[WhiteElo "1960"]
[BlackElo "1717"]
[PlyCount "74"]
[EventDate "2015.07.25"]
[EventType "swiss"]
[EventRounds "10"]
[EventCountry "DEN"]
[Source "ChessBase"]
[SourceDate "2015.09.14"]

1. c3 f5 2. g3 Nf6 3. Bg2 e6 4. d3 d5 5. Bf4 Bd6 6. Nd2 c6 7. Bxd6 Qxd6 8. c4
O-O 9. Ngf3 Qb4 10. Qc2 Nbd7 11. a3 Qe7 12. d4 Ne4 13. O-O Ndf6 14. e3 Bd7 15.
b4 Nxd2 16. Nxd2 Ne4 17. Nf3 Rfc8 18. Ne5 Nd6 19. Qb3 b5 20. c5 Nc4 21. Qc3 Qd8
22. f3 Nxe5 23. dxe5 a5 24. e4 Ra7 25. exf5 exf5 26. f4 Rca8 27. Rfe1 Be6 28.
Qd4 Qd7 29. h3 Ra6 30. Bf3 Qa7 31. Rab1 axb4 32. axb4 Ra3 33. Kf2 Ra2+ 34. Re2
Rxe2+ 35. Bxe2 Qa2 36. Qb2 Qa4 37. Bd1 Qa2 1/2-1/2

[Event "37. Copenhagen Open (Politiken Cup)"]
[Site "Elsinore"]
[Date "2015.07.29"]
[Round "6"]
[White "Narheim, Mats"]
[Black "Arbeus, Carl Johan"]
[Result "0-1"]
[WhiteElo "1264"]
[BlackElo "1779"]
[PlyCount "66"]
[EventDate "2015.07.25"]
[EventType "swiss"]
[EventRounds "10"]
[EventCountry "DEN"]
[Source "ChessBase"]
[SourceDate "2015.09.14"]

1. e4 c5 2. Nc3 d6 3. f4 Nc6 4. Nf3 g6 5. Bb5 Bd7 6. Bxc6 Bxc6 7. d3 Bg7 8. Be3
Nf6 9. O-O O-O 10. Nd2 b5 11. f5 b4 12. Ne2 Ng4 13. Nc4 Nxe3 14. Nxe3 Bxb2 15.
Rb1 Bg7 16. Ng4 h5 17. Nf2 e6 18. Nh3 exf5 19. exf5 Qe7 20. Qd2 Rae8 21. Nef4
Bd4+ 22. Kh1 Be3 23. Qe2 Bxf4 24. Qxe7 Rxe7 25. Nxf4 Kh7 26. fxg6+ fxg6 27. Nh3
Rxf1+ 28. Rxf1 Re2 29. Ng5+ Kh6 30. Nf7+ Kg7 31. Kg1 Rxg2+ 32. Kh1 Rg4+ 33. Rf3
Bxf3# 0-1

[Event "37. Copenhagen Open (Politiken Cup)"]
[Site "Elsinore"]
[Date "2015.07.29"]
[Round "6"]
[White "Nielsen, Andre"]
[Black "Moller, Arne"]
[Result "1-0"]
[WhiteElo "1963"]
[BlackElo "1787"]
[PlyCount "87"]
[EventDate "2015.07.25"]
[EventType "swiss"]
[EventRounds "10"]
[EventCountry "DEN"]
[Source "ChessBase"]
[SourceDate "2015.09.14"]

1. e4 c5 2. Nf3 d6 3. d4 cxd4 4. Nxd4 Nf6 5. Nc3 a6 6. Bc4 e6 7. Bb3 Be7 8. f4
Nc6 9. Be3 Qc7 10. O-O Nxd4 11. Qxd4 O-O 12. h3 Nd7 13. Rad1 Nc5 14. Rf3 Nxb3
15. axb3 b5 16. Rg3 f6 17. f5 d5 18. Rg4 dxe4 19. Qxe4 exf5 20. Qd5+ Kh8 21.
Rh4 Bb7 22. Qxf5 g6 23. Qxg6 Bc5 24. Bxc5 Qxc5+ 25. Kh1 Qe7 26. Qf5 Rg8 27. Ne4
Rg7 28. Nxf6 Bxg2+ 29. Kh2 Bb7 30. Rd2 Rag8 31. Rg4 Qc7+ 32. Kg1 Rxg4+ 33. hxg4
Qg3+ 34. Kf1 Qh3+ 35. Ke1 Rf8 36. Qxh7+ Qxh7 37. Nxh7 Rf7 38. Ng5 Re7+ 39. Re2
Rxe2+ 40. Kxe2 Kg7 41. Ne6+ Kf6 42. Nc5 Bc8 43. Kd3 a5 44. c4 1-0

[Event "37. Copenhagen Open (Politiken Cup)"]
[Site "Elsinore"]
[Date "2015.07.29"]
[Round "6"]
[White "Nielsen, Jan Mose"]
[Black "Jensen, Tommy"]
[Result "1/2-1/2"]
[WhiteElo "2074"]
[BlackElo "1821"]
[PlyCount "24"]
[EventDate "2015.07.25"]
[EventType "swiss"]
[EventRounds "10"]
[EventCountry "DEN"]
[Source "ChessBase"]
[SourceDate "2015.09.14"]

1. e4 e5 2. d4 exd4 3. c3 dxc3 4. Bc4 Qf6 5. Nxc3 Bb4 6. Nge2 Bxc3+ 7. Nxc3 Ne7
8. h4 O-O 9. Bg5 Qe5 10. Qe2 c6 11. f4 Qc5 12. f5 d5 1/2-1/2

[Event "37. Copenhagen Open (Politiken Cup)"]
[Site "Elsinore"]
[Date "2015.07.29"]
[Round "6"]
[White "Nielsen, Jens Holm"]
[Black "Bjorneboe, Kristian"]
[Result "0-1"]
[WhiteElo "1836"]
[BlackElo "2015"]
[PlyCount "72"]
[EventDate "2015.07.25"]
[EventType "swiss"]
[EventRounds "10"]
[EventCountry "DEN"]
[Source "ChessBase"]
[SourceDate "2015.09.14"]

1. Nc3 d5 2. e4 d4 3. Nce2 e5 4. Ng3 Nc6 5. Bc4 Nf6 6. Nf3 Be7 7. O-O O-O 8. d3
Ne8 9. Bd2 Nd6 10. Bb3 Bg4 11. h3 Bd7 12. Nh5 Kh8 13. g4 Qc8 14. Ng3 Be6 15.
Kg2 Bxb3 16. axb3 g6 17. Qe2 Bf6 18. Bh6 Bg7 19. Bxg7+ Kxg7 20. Nh2 Nd8 21. f4
exf4 22. Rxf4 Ne6 23. Rf2 c5 24. Raf1 Qc6 25. Nf3 Nf4+ 26. Kh2 Nxe2 27. Nxe2 f6
28. Nf4 Rae8 29. Nd5 f5 30. Ng5 h6 31. gxf5 gxf5 32. Rg2 Kh8 33. Rfg1 fxe4 34.
dxe4 Nxe4 35. Nxe4 Rxe4 36. Rg6 Re2+ 0-1

[Event "37. Copenhagen Open (Politiken Cup)"]
[Site "Elsinore"]
[Date "2015.07.29"]
[Round "6"]
[White "Nielsen, Jorgen Lovgren"]
[Black "Jacobsen, Heidrikur Tindskar"]
[Result "1/2-1/2"]
[WhiteElo "2106"]
[BlackElo "1902"]
[PlyCount "57"]
[EventDate "2015.07.25"]
[EventType "swiss"]
[EventRounds "10"]
[EventCountry "DEN"]
[Source "ChessBase"]
[SourceDate "2015.09.14"]

1. e4 g6 2. d4 Bg7 3. Nf3 d6 4. Nc3 Nf6 5. Bg5 c6 6. Qd2 b5 7. Bd3 a6 8. h3 Bb7
9. Rd1 O-O 10. O-O Nbd7 11. Rfe1 e5 12. Bf1 Qc7 13. dxe5 dxe5 14. Qd6 Qxd6 15.
Rxd6 Rfe8 16. Red1 Re7 17. Nh2 h6 18. Be3 Nf8 19. f3 Ne6 20. Ne2 Kf8 21. c3 Ke8
22. Ng4 Nxg4 23. hxg4 Rd8 24. Rxd8+ Nxd8 25. Nc1 Ne6 26. Nb3 Rd7 27. Be2 Bf8
28. Na5 Ba8 29. Kf2 1/2-1/2

[Event "37. Copenhagen Open (Politiken Cup)"]
[Site "Elsinore"]
[Date "2015.07.29"]
[Round "6"]
[White "Nielsen, Lars Aaes"]
[Black "Winfridsson, Hakan"]
[Result "1/2-1/2"]
[WhiteElo "2201"]
[BlackElo "2038"]
[PlyCount "123"]
[EventDate "2015.07.25"]
[EventType "swiss"]
[EventRounds "10"]
[EventCountry "DEN"]
[Source "ChessBase"]
[SourceDate "2015.09.14"]

1. e4 c5 2. c3 d5 3. exd5 Qxd5 4. d4 Nc6 5. Nf3 Bg4 6. Be2 cxd4 7. cxd4 e6 8.
Nc3 Qa5 9. O-O Nf6 10. h3 Bh5 11. Be3 Bd6 12. a3 O-O 13. Qb3 Ne7 14. Qxb7 Rab8
15. Qa6 Qxa6 16. Bxa6 Bxf3 17. gxf3 Rxb2 18. Ne4 Rb6 19. Bd3 Ned5 20. Bd2 Rb3
21. Bc4 Rb2 22. Bc1 Rb6 23. a4 Be7 24. Bd2 Rc8 25. Bb5 Bb4 26. Rfc1 Rbb8 27.
Bxb4 Nxb4 28. Nc5 Rd8 29. Rc4 Nbd5 30. Na6 Rb6 31. Rac1 g5 32. Rc5 h6 33. Rc8
Rbd6 34. Nb8 Nf4 35. Rxd8+ Rxd8 36. Nc6 Rd7 37. Kh2 N6d5 38. Ne5 Rc7 39. Rxc7
Nxc7 40. Nc6 a6 41. Bc4 Nfd5 42. Kg3 Kg7 43. Nb8 Nb4 44. f4 a5 45. fxg5 hxg5
46. f4 gxf4+ 47. Kxf4 f6 48. Ke4 Ncd5 49. Bb3 Nc3+ 50. Ke3 Ncd5+ 51. Kf3 Kg6
52. Nd7 Kf5 53. Nc5 e5 54. dxe5 fxe5 55. h4 Nc3 56. Be6+ Kf6 57. Bd7 Kg6 58.
Ne4 Nxe4 59. Kxe4 Kh5 60. Kxe5 Nd3+ 61. Kd4 Nb2 62. Kc5 1/2-1/2

[Event "37. Copenhagen Open (Politiken Cup)"]
[Site "Elsinore"]
[Date "2015.07.29"]
[Round "6"]
[White "Nielsen, Viktor"]
[Black "Ekeberg, Carl Fredrik"]
[Result "1/2-1/2"]
[WhiteElo "2069"]
[BlackElo "2267"]
[PlyCount "43"]
[EventDate "2015.07.25"]
[EventType "swiss"]
[EventRounds "10"]
[EventCountry "DEN"]
[Source "ChessBase"]
[SourceDate "2015.09.14"]

1. e4 d5 2. exd5 Qxd5 3. Nc3 Qd6 4. d4 Nf6 5. Nge2 c6 6. g3 Bf5 7. Bg2 e6 8.
O-O Qc7 9. Bf4 Qa5 10. Nc1 Nbd7 11. Nb3 Qd8 12. d5 exd5 13. Re1+ Be7 14. Nd4
Bg4 15. f3 Be6 16. Nxe6 fxe6 17. Rxe6 Kf7 18. Bh3 Re8 19. Kg2 Nf8 20. Re2 Bd6
21. Rxe8 Kxe8 22. Bg5 1/2-1/2

[Event "37. Copenhagen Open (Politiken Cup)"]
[Site "Elsinore"]
[Date "2015.07.29"]
[Round "6"]
[White "Nisipeanu, Liviu Dieter"]
[Black "Kramer, Julian"]
[Result "1-0"]
[WhiteElo "2654"]
[BlackElo "2312"]
[PlyCount "75"]
[EventDate "2015.07.25"]
[EventType "swiss"]
[EventRounds "10"]
[EventCountry "DEN"]
[Source "ChessBase"]
[SourceDate "2015.09.14"]

1. Nf3 d5 2. g3 Bg4 3. Bg2 Nd7 4. c4 e6 5. cxd5 exd5 6. h3 Bxf3 7. Bxf3 c6 8.
O-O Ngf6 9. d3 Be7 10. Bg2 O-O 11. Qc2 Nc5 12. Nd2 Re8 13. e3 Qb6 14. Nf3 a5
15. Rd1 Ne6 16. Rb1 Nd7 17. Bd2 Bb4 18. Bc3 a4 19. a3 Bf8 20. h4 g6 21. Bh3 Bg7
22. Bxg7 Kxg7 23. b4 Qd8 24. b5 c5 25. d4 Qf6 26. Bg2 c4 27. b6 Qe7 28. Ne5 Nf6
29. Qc3 Qd6 30. Rb5 Ra6 31. Rdb1 h5 32. Nxc4 Qc6 33. Qb4 Qxc4 34. Qxc4 dxc4 35.
Bxb7 Raa8 36. Bxa8 Rxa8 37. R5b4 Ne4 38. Rxc4 1-0

[Event "37. Copenhagen Open (Politiken Cup)"]
[Site "Elsinore"]
[Date "2015.07.29"]
[Round "6"]
[White "Nordenbaek, Jan"]
[Black "Hansen, Alex Mehr"]
[Result "1-0"]
[WhiteElo "2134"]
[BlackElo "1965"]
[PlyCount "61"]
[EventDate "2015.07.25"]
[EventType "swiss"]
[EventRounds "10"]
[EventCountry "DEN"]
[Source "ChessBase"]
[SourceDate "2015.09.14"]

1. e4 c6 2. d4 d5 3. e5 Bf5 4. Nf3 e6 5. Be2 Bb4+ 6. c3 Ba5 7. O-O Ne7 8. Nbd2
Nd7 9. Nh4 Bg6 10. Nb3 Bb6 11. Bg5 c5 12. dxc5 Nxc5 13. Nxc5 Bxc5 14. Bb5+ Kf8
15. Qe2 a6 16. Ba4 Be4 17. Rad1 Qc7 18. Bf4 f6 19. Bg3 fxe5 20. Kh1 Bd6 21. c4
g6 22. Bb3 Kg7 23. f3 dxc4 24. Qxe4 cxb3 25. Rxd6 Kf7 26. Qxe5 Qc4 27. Re1 Nc6
28. Rd7+ Ne7 29. axb3 Qxb3 30. Rxe7+ Kxe7 31. Qg7+ 1-0

[Event "37. Copenhagen Open (Politiken Cup)"]
[Site "Elsinore"]
[Date "2015.07.29"]
[Round "6"]
[White "Ozcan, Guney"]
[Black "Olsen, Michael Richard W"]
[Result "0-1"]
[WhiteElo "1903"]
[BlackElo "2070"]
[PlyCount "90"]
[EventDate "2015.07.25"]
[EventType "swiss"]
[EventRounds "10"]
[EventCountry "DEN"]
[Source "ChessBase"]
[SourceDate "2015.09.14"]

1. e4 d6 2. d4 c5 3. Nf3 cxd4 4. Nxd4 Nc6 5. Bc4 Nf6 6. Nc3 Bg4 7. f3 Bd7 8.
Nxc6 bxc6 9. Be3 e6 10. Bb3 Be7 11. O-O O-O 12. f4 Ne8 13. f5 Bf6 14. Qg4 d5
15. Bc5 Bxc3 16. bxc3 Nf6 17. Qf4 e5 18. Qxe5 Re8 19. Qd4 Rxe4 20. Qd3 Qc8 21.
Rae1 Bxf5 22. Rxe4 Bxe4 23. Qh3 Nd7 24. Be3 a5 25. a4 c5 26. Bf4 Qc6 27. c4 d4
28. c3 d3 29. Bd1 Nf8 30. Bf3 Ng6 31. Bxe4 Qxe4 32. Qe3 Qxe3+ 33. Bxe3 Re8 34.
Kf2 Ne5 35. Bxc5 Nxc4 36. Re1 Rxe1 37. Kxe1 f6 38. Kf2 Kf7 39. g4 g6 40. h3 h5
41. Be3 hxg4 42. hxg4 d2 43. Bxd2 Nxd2 44. Ke3 Nc4+ 45. Kd4 Nb6 0-1

[Event "37. Copenhagen Open (Politiken Cup)"]
[Site "Elsinore"]
[Date "2015.07.29"]
[Round "6"]
[White "Pedersen, Kim Michael"]
[Black "Fransson, Pia"]
[Result "1-0"]
[WhiteElo "1764"]
[BlackElo "1511"]
[PlyCount "93"]
[EventDate "2015.07.25"]
[EventType "swiss"]
[EventRounds "10"]
[EventCountry "DEN"]
[Source "ChessBase"]
[SourceDate "2015.09.14"]

1. d4 Nf6 2. Bf4 g6 3. Nf3 Bg7 4. e3 O-O 5. Nbd2 d6 6. Bc4 Nh5 7. Bg3 Nxg3 8.
hxg3 c5 9. c3 cxd4 10. exd4 Nc6 11. Qc2 Bf5 12. Bd3 Bxd3 13. Qxd3 Qb6 14. O-O-O
Qa6 15. Qb1 Rfc8 16. Nb3 b5 17. a3 b4 18. axb4 Nxb4 19. Kd2 Qb5 20. Ke1 Nd5 21.
Nbd2 Rab8 22. Qa2 Rb6 23. c4 Ra6 24. Qb1 Rxc4 25. Nxc4 Qxc4 26. Rc1 Qb4+ 27.
Kf1 Qb5+ 28. Kg1 Rc6 29. Rxc6 Qxc6 30. Kh2 Nf6 31. Re1 Qd7 32. Qc2 Nd5 33. Rc1
Nb6 34. Qc7 Qb5 35. Qxe7 Bf8 36. Qxa7 Qxb2 37. Rc7 Nd5 38. Rxf7 Ne7 39. Rxe7
Bxe7 40. Qxe7 h6 41. Qxd6 Qc2 42. Qd8+ Kg7 43. Qe7+ Kg8 44. Qe6+ Kg7 45. d5 Qc5
46. d6 Qh5+ 47. Kg1 1-0

[Event "37. Copenhagen Open (Politiken Cup)"]
[Site "Elsinore"]
[Date "2015.07.29"]
[Round "6"]
[White "Percivaldi, Martin"]
[Black "Brunello, Sabino"]
[Result "0-1"]
[WhiteElo "2310"]
[BlackElo "2539"]
[PlyCount "82"]
[EventDate "2015.07.25"]
[EventType "swiss"]
[EventRounds "10"]
[EventCountry "DEN"]
[Source "ChessBase"]
[SourceDate "2015.09.14"]

1. d4 Nf6 2. c4 e6 3. Nf3 b6 4. g3 Ba6 5. Qb3 Nc6 6. Nbd2 Bb7 7. e4 Be7 8. Bg2
O-O 9. d5 exd5 10. exd5 Nb4 11. O-O c6 12. a3 Na6 13. dxc6 dxc6 14. Ne5 Qc7 15.
Ndf3 Nc5 16. Qc2 a5 17. Bd2 Nce4 18. Bf4 Bd6 19. Nd3 c5 20. a4 Rad8 21. Rad1 h6
22. Bc1 Rfe8 23. Nh4 Qc8 24. b3 Bf8 25. Bb2 Ng4 26. h3 Ngf6 27. Kh2 Bd6 28. f4
Nh5 29. g4 Nhg3 30. Rf3 Be7 31. Rxg3 Nxg3 32. Bxb7 Qxb7 33. Kxg3 Bxh4+ 34. Kxh4
Re3 35. Nf2 Rxd1 36. Nxd1 Qe7+ 37. g5 hxg5+ 38. fxg5 Re4+ 39. Kg3 Qxg5+ 40. Kf2
Qf5+ 41. Kg3 Rg4+ 0-1